000 00352nam a2200157Ia 4500
008 220805s9999 xx 000 0 und d
020 _a0-7225-4007-8
041 _aeng
082 _a155.2
100 _aLindenfreld, Gael
_988528
260 _aUK
_bElement
_c2000
245 _aSelf Esteem
250 _a1
300 _a173
650 _a Esteem
_988529
999 _c48718
_d48718